000 00909nam a22002291i 4500
001 186647
003 SpMaBN
005 20250812221204.0
008 161216s1943 sp g |||| | spa d
100 1 _aRiemann, Hugo.
_997092
245 1 0 _aDictado musical
_b: (educación sistemática del oído) /
_cHugo Riemann ; traducido de la 7ª edición alemana por Roberto Gerhard.
250 _a2ª ed.
260 _aBarcelona :
_bLabor,
_c1943 (
_fTall. Gràf. Ibero-Americanos)
300 _a168 p., 1 h. pleg. en 4 :
_bmúsica ;
_c19 cm.
490 1 _aColección Labor ;
_v173.
_aSección V: Música
594 _aEj. de música de p. [85] al final.
650 7 _aSolfeo.
_9136888
700 1 _aGerhard, Robert.
_956444
830 0 0 _aColección Labor.
_pMúsica
_v173.
_9188907
852 _aES-MaACL
_jL-30955
_z- enc. cart.
_z. - Biblioteca Jacinto Martínez Lacalle
999 _c186647
_d186647